UBT Library

Politics in Israel : (Record no. 844)

000 -LEADER
fixed length control field 00494nam a22001697a 4500
008 - FIXED-LENGTH DATA ELEMENTS--GENERAL INFORMATION
fixed length control field 150520b xxu||||| |||| 00| 0 eng d
020 ## - INTERNATIONAL STANDARD BOOK NUMBER
International Standard Book Number 1568029322 (pbk. : alk. paper)
041 0# - LANGUAGE CODE
Language code of text/sound track or separate title eng
080 ## - UNIVERSAL DECIMAL CLASSIFICATION NUMBER
Universal Decimal Classification number 1948
100 ## - Rafti
Rafti Arian, Alan.
245 00 - TITLE STATEMENT
Title Politics in Israel :
Statement of responsibility, etc Asher Arian.
260 ## -
-- Washington, D.C. :
-- CQ Press,
-- c2005.
300 ## -
-- xiii, 489 p. :
-- me il. ;
-- 23 cm.
650 #0 -
-- Politika në Izrael
650 #0 -
-- Politika në Izrael
942 ## - ADDED ENTRY ELEMENTS (KOHA)
Source of classification or shelving scheme
Item type Books
Holdings
Withdrawn status Lost status Source of classification or shelving scheme Damaged status Not for loan Collection code Permanent location Current location Shelving location Date acquired Total Checkouts Full call number Barcode Date last seen Price effective from Koha item type
          Koleksioni i përgjithshem UBT - Lipjan UBT - Lipjan Koleksioni i përgjithshem 05/20/2015   1948 ASH 9781568029320 05/20/2015 05/20/2015 Books
UBT Library © 2015-2024. All rights reserved University Education for Business and Technology